000 00310nam a2200133Ia 4500
008 151213s9999 xx 000 0 und d
245 _aSAS / GRAPH Software Version - 6
250 _a1st
260 _aU S A
_bSAS Institution
300 _a2996 p.
650 _aComputer
650 _aComputer
999 _c2083
_d2083